书目信息 |
| 题名: |
生物技术原理与方法
|
|
| 作者: | 刘佳佳 , 曹福祥 编著 | |
| 分册: | ||
| 出版信息: | 北京 化学工业出版社 2004 |
|
| 页数: | 267页 | |
| 开本: | 26cm | |
| 丛书名: | ||
| 单 册: | ||
| 中图分类: | Q81 | |
| 科图分类: | ||
| 主题词: | 生物技术--高等学校--教材 , 生物技术 | |
| 电子资源: | ||
| ISBN: | 7-5025-5778-4 | |
| 000 | 00947nam0 2200265 450 | |
| 001 | 012007814322 | |
| 005 | 20070525153040.03 | |
| 010 | @a7-5025-5778-4@dCNY30.00 | |
| 100 | @a20070517d2004 km y0chiy0120 ea | |
| 101 | 0 | @achi |
| 102 | @aCN@b110000 | |
| 105 | @aa z 000yy | |
| 106 | @ar | |
| 200 | 1 | @a生物技术原理与方法@Asheng wu ji shu yuan li yu fang fa@f刘佳佳,曹福祥[编著]@Fliu jia jia,cao fu xiang[bian zhu] |
| 210 | @a北京@c化学工业出版社@d2004 | |
| 215 | @a267页@c图@d26cm | |
| 300 | @a高等学校教材生物工程专业系列教材 | |
| 330 | @a本书系统介绍了微生物的分类与分类技术,细胞的分离纯化与保存,细胞的生长与检测,基因的复制、 修复、 转录等,以及干细胞工程和生物技术在医药工业中的应用。 | |
| 606 | 0 | @a生物技术@x高等学校@j教材 |
| 606 | 0 | @a生物技术 |
| 690 | @aQ81@v4 | |
| 701 | 0 | @a刘佳佳@Aliu jia jia@c(生物技术)@4编著 |
| 701 | 0 | @a曹福祥@Acao fu xiang@c(生物技术)@4编著 |
| 801 | 0 | @aCN@bRULIN@c20070525 |
| 905 | @dQ81@e109@s8 | |
| 生物技术原理与方法/刘佳佳,曹福祥[编著].-北京:化学工业出版社,2004 |
| 267页:图;26cm |
| 高等学校教材生物工程专业系列教材 |
| ISBN 7-5025-5778-4:CNY30.00 |
| 本书系统介绍了微生物的分类与分类技术,细胞的分离纯化与保存,细胞的生长与检测,基因的复制、 修复、 转录等,以及干细胞工程和生物技术在医药工业中的应用。 |
| ● |
| 相关链接 |
|
|
|
|
正题名:生物技术原理与方法
索取号:Q81/109
 
预约/预借
| 序号 | 登录号 | 条形码 | 馆藏地/架位号 | 状态 | 备注 |
| 1 | 0580667 | 205806671 | 第二样本阅览室/ [索取号:Q81/109] | 在馆 | |
| 2 | 0580668 | 205806680 | 第三借阅区/ [索取号:Q81/109] | 在馆 | |
| 3 | 0580669 | 205806699 | 第三借阅区/ [索取号:Q81/109] | 在馆 | |
| 4 | 0580670 | 205806706 | 第三借阅区/ [索取号:Q81/109] | 在馆 | |
| 5 | 0580671 | 205806715 | 第三借阅区/ [索取号:Q81/109] | 在馆 | |
| 6 | 0580672 | 205806724 | 第三借阅区/ [索取号:Q81/109] | 在馆 | |
| 7 | 0580673 | 205806733 | 第三借阅区/ [索取号:Q81/109] | 在馆 | |
| 8 | 0580674 | 205806742 | 第三借阅区/ [索取号:Q81/109] | 在馆 |